LEADER 00873nam a2200217 i 4500 001 000000201891 003 CaOOAMICUS 005 20110511000000.0 008 110511s1979 it u000 u ita u 013 $a180597 040 $aSeMil$bita 100 1 $aPiccardi, Daniele.$0(OLS)http://semarc/name/72963 245 13$aIl Centro dell'Universo :$bTempo e cosmologia /$cDaniele Piccardi. 260 $aLuino ; Varese :$bFrancesco Nastro,$cstampa 1979. 300 $a173 p. :$bill. ;$c24 cm. 500 $aContiene : Appendici. 650 4$aCosmologia.$0(OLS)http://semarc/subject/1855 850 $aSeMil 852 $aSeMil$W1$xVenegono$y1$m3W IV 322$j152417$B152417$CSeMilBibl$Z2$F163534 $81 996 $6245$aIl Centro dell'Universo :$bTempo e cosmologia$9(OLS)http://semarc/title/292227 996 $6260$aLuino ; Varese :$bFrancesco Nastro$9(OLS)http://semarc/publisher/51678 LEADER 01160nam a2200301 i 4500 001 000000180831 003 CaOOAMICUS 005 20090728000000.0 008 090728s1930 it u000 u ita u 013 $a158556 040 $aSeMil$bita 100 0 $aAugustinus, Aurelius,$c.$0(OLS)http://semarc/name/498 245 10$aDiscorsi scelti /$cS. Agostino ; a cura di Edamo Logi. 260 $aSiena :$bCantagalli,$c1930. 300 $aXXXII, 195 p. ;$c18 cm. 490 0 $aI classici cristiani ;$v13 650 4$aAgostino, Aurelio - Discorsi scelti.$0(OLS)http://semarc/subject/34341 700 1 $aLogi, Edamo.$0(OLS)http://semarc/name/9754 830 2$aI classici cristiani ;$v13.$0(OLS)http://semarc/title/386 850 $aSeMil 852 $aSeMil$W1$xVenegono$y1$m2S I 362$j131579$B131579$CSeMilBibl$Z2$F143449 $81 900 1 $aAgostino : d'Ippona. 900 1 $aSant'Agostino. 961 $aOmaggio: Altro 996 $6245$aDiscorsi scelti$9(OLS)http://semarc/title/259685 996 $6260$aSiena :$bCantagalli$9(OLS)http://semarc/publisher/29767